| 000 | 006760000a22001930004500 | ||
|---|---|---|---|
| 090 |
_aAR _b03297 |
||
| 245 | 1 | 0 | _aSpecies and environment representation: selecting reserves for the retention of avian diversity in KwaZulu-natal, South Africa |
| 650 | 1 | 4 |
_aSelección de áreas protegidas _992864 |
| 650 | 1 | 4 |
_aConservación de aves _9602 |
| 650 | 1 | 4 |
_aAutocorrelación espacial _996129 |
| 650 | 1 | 4 |
_aClima _992779 |
| 651 | 4 |
_pSudáfrica _992749 |
|
| 041 | 0 | _aInglés | |
| 700 | 1 |
_aReyers, Belinda _996906 |
|
| 700 | 1 |
_aJaarsveld van, Albert S. _996907 |
|
| 100 | 1 |
_aFairbanks, Dean H. _996908 |
|
| 942 | _cARTICULO | ||
| 773 | 1 |
_tBiological Conservation _3893 _q365-379 _d2001 _g98 |
|
| 999 |
_c12348 _d12348 |
||